Zhodnotenie finančnej výkonnosti spoločnosti Google Inc

Praktická aplikácia vybraných moderných ukazovateľov finančnej výkonnosti podnikov v spoločnosti Boogle Inc. v časovom období 2009-2013. Zhodnotenie finančnej výkonnosti spoločnosti.

Saved in:
Bibliographic Details
Main Author: Jančovičová Bognárová, Kristína, 1979-
Format: Book Chapter
Language:Slovak
Subjects:
Tags: Add Tag
No Tags, Be the first to tag this record!

MARC

LEADER 00000naa a2200000 4500
001 0198413
005 20240502073343.2
041 0 |a slo 
044 |a SK 
245 1 0 |a Zhodnotenie finančnej výkonnosti spoločnosti Google Inc  |c Kristína Jančovičová Bognárová 
520 |a Praktická aplikácia vybraných moderných ukazovateľov finančnej výkonnosti podnikov v spoločnosti Boogle Inc. v časovom období 2009-2013. Zhodnotenie finančnej výkonnosti spoločnosti. 
610 2 0 |a situácia finančná podniku 
610 2 0 |a výkonnosť podniku 
610 2 0 |a hodnota pridaná ekonomická 
610 2 0 |a hodnota trhová 
100 1 |a Jančovičová Bognárová, Kristína, 1979-